00324nam a2200133Ia 4500008004100000041000800041082001600049100001500065245003700080260002100117300002100138365001600159700001500175230718s9999 xx 000 0 und d aeng a621.02bPAT aPatil S.A. aMechanical Processes And System c1999bTechnical  dRef 936 E (9957) cRs.b195.00 aPatil S.A.